Unanimity in the present time of danger recommended : In a sermon preach'd before Their Excellencies the Lords Justices of Ireland, at Christ's Church, Dublin, on Sunday, Feb, 5th, 1715/16 by Nicholas, lord bishop of Killaloe. Publish'd by Their Excellencies special command.

Bibliographic Details
Main Author: Forster, Nicholas, -1743
Corporate Author: Gale (Firm)
Format: eBook
Language:English
Subjects:
Online Access:Connect to the full text of this electronic book

MARC

Tag First Indicator Second Indicator Subfields
LEADER 00000cam a2200000 4500
001 in00003820021
005 20190415190410.0
006 m o d
007 cr |n||||||||n
008 901231s1716 ie |||| o 00||||eng c
035 |a (CU-RivES)T202888 
035 |a (Uk-ES)006297415 
035 |a (OCoLC)509732312 
040 |a Uk-ES  |c Uk-ES  |d CU-RivES  |d CStRLIN  |d CU-RivES  |d Cengage Gale  |d UtOrBLW 
050 4 |a AC4  |b .F677 1716 
100 1 |a Forster, Nicholas,  |d -1743.  |0 http://id.loc.gov/authorities/names/n87869435 
245 1 0 |a Unanimity in the present time of danger recommended :  |b In a sermon preach'd before Their Excellencies the Lords Justices of Ireland, at Christ's Church, Dublin, on Sunday, Feb, 5th, 1715/16 by Nicholas, lord bishop of Killaloe. Publish'd by Their Excellencies special command. 
264 3 |a Belfast :  |b Re-printed by Robert Gardner, and sold at his Shop,  |c 1715-16. 
300 |a 1 online resource (15, 1 unnumbered pages)  
336 |a text  |b txt  |2 rdacontent 
337 |a computer  |b c  |2 rdamedia 
338 |a online resource  |b cr  |2 rdacarrier 
510 4 |a English Short Title Catalog,  |c T202888. 
500 |a Reproduction of original from Trinity College Library. 
500 |a Electronic resource. 
610 2 0 |a Church of Ireland  |x Sermons. 
655 7 |a Electronic books.  |2 local 
710 2 |a Gale (Firm)  |0 http://id.loc.gov/authorities/names/no2008071348 
752 |a Ireland  |d Belfast. 
856 4 0 |u http://proxy.library.tamu.edu/login?url=http://find.galegroup.com/ecco/infomark.do?contentSet=ECCOArticles&docType=ECCOArticles&bookId=1678202500&type=getFullCitation&tabID=T001&prodId=ECCO&docLevel=TEXT_GRAPHICS&version=1.0&source=library&userGroupName=txshracd2898  |z Connect to the full text of this electronic book  |t 0 
999 f f |s a4db9e4e-52f9-32d6-864f-651c21ea797e  |i fe29eaa0-1d7f-3d91-8d32-3fe010309b5f  |t 0 
952 f f |a Texas A&M University  |b College Station  |c Electronic Resources  |d Available Online  |t 0  |e AC4 .F677 1716  |h Library of Congress classification 
998 f f |a AC4 .F677 1716  |t 0  |l Available Online